La formation des noms en grec ancien /

Guardado en:
Autor Principal: Chantraine, Pierre
Formato: Libro
Publicado: Paris : Edouard Champion, 1933
Materias:
Etiquetas: Agregar Etiqueta
Sin Etiquetas, Sea el primero en etiquetar este registro!
LEADER 00472nam a22001575a 4500
001 EHU.bham006331
003 AR-BHAM
005 20090611151218.0
008 130507s1933##################000#0#####d
082 4 8 |a 487.01 
100 1 |a Chantraine, Pierre 
245 1 0 |a La formation des noms en grec ancien /  |c Pierre Chantraine. 
260 |a Paris :  |b Edouard Champion,  |c 1933 
300 |a 473 p. 
653 |a Griego clasico 
859 |a AR-BHAM  |b BIB. HUMANIDADES - General  |h 487.01  |i C364  |p 1451.63  |t Ej.1